000 00940cab a2200277 4500
001 ABS53162
008 090401t1995 xxu||||| |||| 00| 0 eng d
035 _a(Sirsi) u2460
041 _aeng
100 _aMacneil, J.
245 _aControl experiments
260 _c1995
350 _a0
490 _aBuilding
_v260(7902) 28 July 1995, 48-49(2)
520 _aThe cost or lack of indemnity insurance has prevented private companies from taking on building control inspection. This article looks at the DoE consultation paper, "Proposals for a scheme of insurance for approved inpsectors", which aims to rectify this.
650 _aBUILDING CONTROL INSPECTION
650 _aBUILDING CONTROL
_96222
650 _aCONSULTATION PAPERS
650 _aINDEMNITY INSURANCE
650 _aNHBC
650 _aPRIVATISATION
690 _aBUILDING AND CONSTRUCTION-CONTROL
700 _aRidout, G.
942 _n0
948 _c04/03/1997
999 _c1486
_d1486